Dewan Budaya

Bibliographic Details
Format: Book
Published: Kuala Lumpur : Dewan Bahasa Dan Pustaka , 19--
Subjects:

MARC

LEADER 00000cam a2200000 7i4500
001 0000040365
005 20250108143714.0
090 0 0 |a 306   |b DEW 
245 0 0 |a Dewan Budaya 
260 |a Kuala Lumpur :   |b Dewan Bahasa Dan Pustaka ,   |c 19-- 
300 |a p.v. :   |b ill. ;   |c 28cm. 
650 0 0 |a Education   |z Malaysia 
650 0 0 |a Malay culture   |x Periodicals 
650 0 0 |a Reading habits   |z Malaysia 
650 0 0 |a Vision 2020   |z Malaysia 
651 0 |a Malaysia   |x History 
651 0 |a Malaysia   |x Social life and custom   |x Periodicals 
850 |a HQ : BV;January-December 2000, January-December 2001, January-December 2002,January-December 2003,January-December 2004,January-December 2005, January-December 2006. January-December 2007. January 2008 - December 2023 
999 |a 00172902   |b MAJALAH   |c MAJALAH RUJUKAN   |e PERPUSTAKAAN KOMUNITI PETALING JAYA 
999 |a 033057   |b DIGITAL VIDEO DISC   |c MAJALAH RUJUKAN   |e PERPUSTAKAAN KOMUNITI PETALING JAYA 
999 |a 098639/97   |b BUKU   |c MAJALAH RUJUKAN   |e PERPUSTAKAAN KOMUNITI PETALING JAYA 
999 |a 105602/00   |b BUKU   |c MAJALAH RUJUKAN   |e PERPUSTAKAAN KOMUNITI PETALING JAYA 
999 |a 111276/00   |b BUKU   |c MAJALAH RUJUKAN   |e PERPUSTAKAAN KOMUNITI PETALING JAYA 
999 |a 132350/01   |b BUKU   |c MAJALAH RUJUKAN   |e PERPUSTAKAAN KOMUNITI PETALING JAYA 
999 |a 154668/02   |b MAJALAH   |c MAJALAH RUJUKAN   |e PERPUSTAKAAN KOMUNITI PETALING JAYA 
999 |a 154693/02   |b MAJALAH   |c MAJALAH RUJUKAN   |e PERPUSTAKAAN KOMUNITI PETALING JAYA 
999 |a 180116/04   |b MAJALAH   |c MAJALAH RUJUKAN   |e PERPUSTAKAAN KOMUNITI PETALING JAYA 
999 |a 180222/04   |b MAJALAH   |c MAJALAH RUJUKAN   |e PERPUSTAKAAN KOMUNITI PETALING JAYA 
999 |a 185223/04   |b MAJALAH   |c MAJALAH RUJUKAN   |e PERPUSTAKAAN KOMUNITI PETALING JAYA 
999 |a 185257/04   |b MAJALAH   |c MAJALAH RUJUKAN   |e PERPUSTAKAAN KOMUNITI PETALING JAYA 
999 |a 194345/05   |b MAJALAH   |c MAJALAH RUJUKAN   |e PERPUSTAKAAN KOMUNITI PETALING JAYA 
999 |a 194345   |b MAJALAH   |c MAJALAH RUJUKAN   |e PERPUSTAKAAN KOMUNITI PETALING JAYA 
999 |a 194358/05   |b DIGITAL VIDEO DISC   |c MAJALAH RUJUKAN   |e PERPUSTAKAAN KOMUNITI PETALING JAYA 
999 |a 194358   |b MAJALAH   |c MAJALAH RUJUKAN   |e PERPUSTAKAAN KOMUNITI PETALING JAYA 
999 |a 194390/05   |b MAJALAH   |c MAJALAH RUJUKAN   |e PERPUSTAKAAN KOMUNITI PETALING JAYA 
999 |a 206594/06   |b MAJALAH   |c MAJALAH RUJUKAN   |e PERPUSTAKAAN KOMUNITI PETALING JAYA 
999 |a 216876/07   |b MAJALAH   |c MAJALAH RUJUKAN   |e PERPUSTAKAAN KOMUNITI PETALING JAYA 
999 |a 335347/23   |b MAJALAH   |c MAJALAH RUJUKAN   |e PERPUSTAKAAN KOMUNITI PETALING JAYA 
999 |a 335352/23   |b MAJALAH   |c MAJALAH RUJUKAN   |e MUZIUM PETALING JAYA